[Event "URS Young Masters-ch08"]
[Site "Cheliabinsk"]
[Date "1974.??.??"]
[Round "?"]
[White "Kupreichik, Viktor D"]
[Black "Beliavsky, Alexander G"]
[Result "1-0"]
[WhiteElo "2460"]
[BlackElo "2460"]
[Annotator "Petronijevic,Z"]
[PlyCount "69"]
[EventDate "1974.01.25"]
[EventType "tourn"]
[EventRounds "15"]
[EventCountry "URS"]
[SourceTitle "EXT 2019"]
[Source "ChessBase"]
[SourceDate "2018.10.10"]
[SourceVersion "1"]
[SourceVersionDate "2018.10.10"]
[SourceQuality "1"]

{Beliavsky and Kupreichik were both uncompromising players. They have always
been playing for a win. This game was not an exception.} 1. e4 c5 2. Nf3 e6 3.
d4 cxd4 4. Nxd4 Nc6 5. Nc3 a6 6. Be2 d6 7. f4 Nf6 8. Bf3 ({A good alternative
was} 8. Be3) 8... Qb6 $5 ({Black wants to fight immediatelly. More common is
either} 8... Qc7) ({or} 8... Be7) 9. Nb3 Be7 10. a4 Na5 ({Preferable was an
active} 10... d5 11. a5 Qc7 12. e5 ({If} 12. exd5 {Black has good play after}
Nb4 $11) 12... Nd7 13. O-O O-O {with equal play.}) 11. Nxa5 Qxa5 12. Be3 Bd7
13. O-O Bc6 ({More natural was} 13... Rc8 $11) 14. Qd3 Qc7 (14... Rc8 $11) 15.
b4 $5 ({White tries to play actively on the queenside. Also interesting was} 
15. Ne2 O-O 16. c4 b6 17. b4 Bb7 $13) 15... Rc8 $1 {Correct reaction: Black's
chances are on the c-file.} 16. b5 ({If White tries} 16. Rab1 {Black will have
an excellent responce in the centre} d5 $1 17. e5 Ne4 {with an equal play.})
16... Bd7 17. Bd4 e5 $1 ({Very important move. On White's attack on the
queenside Black responses with the attack in the centre.} 17... Qc4 {is worse}
18. Kh1 O-O 19. Rfb1 $14) 18. b6 Qb8 19. Be3 O-O $2 ({After this mistake,
White attains an advantage. After a better} 19... exf4 $1 20. Bxf4 O-O $11 {
the position is close to equal.}) 20. f5 $1 Rc6 $2 ({One more mistake. Better
was} 20... Bc6 $14) 21. Nd5 $1 Nxd5 $2 ({Better was} 21... Qd8 {although after}
22. c4 {White has a clear advantage.}) 22. exd5 Rcc8 23. f6 $1 $18 {Whites
attack is decisive.} Bxf6 (23... gxf6 {loses easily after} 24. Bh6 $18) 24. Be4
Kh8 ({Neither} 24... Be7 {is sufficient because of} 25. Bxh7+ Kh8 26. Bf5 Rcd8
27. Rf3 {[%cal Rf3h3]} Bxf5 28. Qxf5 Kg8 29. Raf1 Qc8 30. Qh5 f5 31. Rh3 f4 (
31... Rf6 {loses because of} 32. Bg5 $18) 32. Qh7+ Kf7 33. Rg3 Bf6 34. Bxf4 $1
Ke8 (34... exf4 {loses after a nice} 35. Rxg7+ $1 Bxg7 36. Rxf4+ $18) 35. Qh5+
Rf7 36. Bh6 $1 Qc5+ 37. Kh1 Qc4 38. Rgf3 $18) 25. Rxf6 (25. Bxh7 {seems easier.
Possible line is} e4 26. Qe2 Kxh7 27. Rxf6 $1 {Black is helpless. However, the
game move also wins.}) 25... gxf6 26. Bxh7 $6 ({Much easier and better was} 26.
Rf1 {Possible line is} f5 27. Bxf5 Bxf5 28. Qxf5 f6 29. Bh6 Rf7 30. Qe6 {
Black is lost.}) 26... Rg8 $2 ({And now it is time for Black to make a mistake.
After the better} 26... Rc3 $1 {(it is hard to find such move in a real game).}
27. Qxc3 Kxh7 28. Rf1 f5 29. Bg5 f4 30. Be7 {White has a clear advantage
though he is still far away from a win. After the game move Black is lost.})
27. Rf1 $18 Rg7 28. Be4 f5 29. Bxf5 Bxf5 30. Rxf5 Kg8 31. Bh6 Rg6 32. Rg5 $1 {
Very nice move at the end. White swaps best Black's piece after which Black is
helpless.} Kh7 33. Rxg6 fxg6 34. Qh3 Kg8 35. Qd7 1-0

[Event "URS-chT Cup 08th"]
[Site "Moscow"]
[Date "1974.08.23"]
[Round "3"]
[White "Kupreichik, Viktor D"]
[Black "Romanishin, Oleg M"]
[Result "1-0"]
[WhiteElo "2460"]
[BlackElo "2470"]
[PlyCount "69"]
[EventDate "1974.08.20"]
[EventType "team-tourn"]
[EventRounds "9"]
[EventCountry "URS"]
[SourceTitle "EXT 2020"]
[Source "ChessBase"]
[SourceDate "2019.10.17"]
[SourceVersion "1"]
[SourceVersionDate "2019.10.17"]
[SourceQuality "1"]
[WhiteTeam "Dinamo"]
[BlackTeam "Avangard"]
[WhiteTeamCountry "URS"]
[BlackTeamCountry "URS"]

1. e4 e5 2. Nf3 Nc6 3. Bb5 a6 4. Bxc6 dxc6 5. O-O Qd6 6. d4 exd4 7. Nxd4 Bd7 8.
Be3 O-O-O 9. Qe2 Qg6 10. Nd2 Nh6 11. f3 f5 12. Rad1 Bd6 13. Bxh6 Qxh6 14. e5
Rhe8 15. f4 g5 16. Qc4 Bf8 17. Rfe1 b5 18. fxg5 bxc4 19. gxh6 c5 20. N4f3 Be6
21. Ng5 Bxh6 22. Nxe6 Rxd2 23. Rxd2 Bxd2 24. Ng7 Bxe1 25. Nxe8 Bd2 26. Ng7 Be3+
27. Kf1 Bd4 28. Nxf5 Bxe5 29. c3 Bf4 30. g3 Bc1 31. Ke2 Kd7 32. Ne3 Ke6 33.
Nxc4 Kf5 34. Kf3 Kg5 35. h4+ 1-0

[Event "URS-chT Republics 13th final B"]
[Site "Riga"]
[Date "1975.07.??"]
[Round "2"]
[White "Kupreichik, Viktor D"]
[Black "Nei, Iivo"]
[Result "1-0"]
[WhiteElo "2460"]
[BlackElo "2495"]
[PlyCount "55"]
[EventDate "1975.07.??"]
[EventType "team-tourn"]
[EventRounds "4"]
[EventCountry "URS"]
[SourceTitle "EXT 2020"]
[Source "ChessBase"]
[SourceDate "2019.10.17"]
[SourceVersion "1"]
[SourceVersionDate "2019.10.17"]
[SourceQuality "1"]
[WhiteTeam "Belarus"]
[BlackTeam "Estonia"]
[WhiteTeamCountry "BLR"]
[BlackTeamCountry "EST"]

1. e4 e5 2. Nf3 Nc6 3. Bb5 a6 4. Ba4 Nf6 5. Qe2 b5 6. Bb3 Bc5 7. a4 Rb8 8. axb5
axb5 9. Nc3 O-O 10. O-O b4 11. Nd5 Nxd5 12. Bxd5 Nd4 13. Nxd4 Bxd4 14. c3 Bc5
15. Qc4 Bb6 16. Qa2 Bb7 17. Bxb7 Rxb7 18. Qd5 c6 19. Qxe5 Re8 20. Qf5 Bc7 21.
d4 Rb5 22. Qg4 bxc3 23. bxc3 Re6 24. e5 d6 25. Bg5 Qf8 26. f4 Re8 27. Qd7 Bd8
28. Ra8 1-0

[Event "URS-ch44 Otborochny"]
[Site "Rostov on Don"]
[Date "1976.??.??"]
[Round "?"]
[White "Kupreichik, Viktor D"]
[Black "Petrosian, Arshak B"]
[Result "1-0"]
[WhiteElo "2490"]
[BlackElo "2325"]
[PlyCount "93"]
[EventDate "1976.??.??"]
[EventType "swiss"]
[EventRounds "9"]
[EventCountry "URS"]
[SourceTitle "MCD"]
[Source "ChessBase"]
[SourceDate "1999.07.01"]
[SourceVersion "1"]
[SourceVersionDate "1999.07.01"]
[SourceQuality "1"]

1. e4 e5 2. Nf3 Nc6 3. d4 exd4 4. Nxd4 Bc5 5. Nb3 Bb4+ 6. Bd2 a5 7. Bd3 Nf6 8.
O-O Bxd2 9. N3xd2 O-O 10. Nc3 d5 11. exd5 Nb4 12. Be4 Nbxd5 13. Nxd5 Nxd5 14.
Re1 Nf6 15. Bf3 Bg4 16. Bxg4 Nxg4 17. Ne4 Qh4 18. h3 Nf6 19. Qf3 Nxe4 20. Rxe4
Qh6 21. Rd1 Qc6 22. Qd3 Rfe8 23. Rc4 Qb6 24. Qc3 Re7 25. Rcd4 Rae8 26. Rd7 c6
27. Rxe7 Rxe7 28. Qb3 Qc7 29. Qxb7 g6 30. Qxc7 Rxc7 31. Rd4 Rb7 32. b3 Rb5 33.
Kf1 Kf8 34. Rc4 Rb6 35. Ke2 Ke7 36. Kd3 Kd6 37. Rd4+ Kc7 38. g4 Rb5 39. c4 Re5
40. Re4 Kd6 41. Rxe5 Kxe5 42. a3 c5 43. Kc3 g5 44. b4 cxb4+ 45. axb4 axb4+ 46.
Kxb4 f5 47. c5 1-0

[Event "URS-ch44 Otborochny"]
[Site "Rostov on Don"]
[Date "1976.??.??"]
[Round "?"]
[White "Timoscenko, Gennadij A"]
[Black "Kupreichik, Viktor D"]
[Result "0-1"]
[WhiteElo "2470"]
[BlackElo "2490"]
[PlyCount "80"]
[EventDate "1976.??.??"]
[EventType "swiss"]
[EventRounds "9"]
[EventCountry "URS"]
[SourceTitle "EXT 2001"]
[Source "ChessBase"]
[SourceDate "2000.11.22"]
[SourceVersion "1"]
[SourceVersionDate "2000.11.22"]
[SourceQuality "1"]

1. Nf3 d5 2. d4 Nf6 3. Bf4 c5 4. c3 e6 5. e3 Bd6 6. Nbd2 Nc6 7. Bd3 cxd4 8.
cxd4 Bxf4 9. exf4 Qb6 10. Nb3 a5 11. Rc1 a4 12. Nc5 Qxb2 13. O-O O-O 14. Rb1
Qc3 15. Bb5 Ne4 16. Nxa4 Qa5 17. Ne5 Nxe5 18. fxe5 Nd2 19. Nb6 Nxb1 20. Nxa8
Nd2 21. Qe1 Bd7 22. Bxd7 Rxa8 23. a4 Nxf1 24. Qxa5 Rxa5 25. Kxf1 Ra8 26. Ke2
Kf8 27. f4 Ke7 28. Bb5 h6 29. g4 f6 30. f5 h5 31. h3 Rc8 32. Kd2 hxg4 33. hxg4
Rh8 34. Ke3 exf5 35. gxf5 Rh3+ 36. Kd2 Rf3 37. Bd3 Rf4 38. exf6+ Kxf6 39. Ke3
Rxf5 40. Bxf5 Kxf5 0-1

[Event "URS-ch44 Otborochny"]
[Site "Rostov on Don"]
[Date "1976.??.??"]
[Round "?"]
[White "Ubilava, Elizbar"]
[Black "Kupreichik, Viktor D"]
[Result "0-1"]
[WhiteElo "2410"]
[BlackElo "2490"]
[PlyCount "58"]
[EventDate "1976.??.??"]
[EventType "swiss"]
[EventRounds "9"]
[EventCountry "URS"]
[SourceTitle "MCD"]
[Source "ChessBase"]
[SourceDate "1999.07.01"]
[SourceVersion "1"]
[SourceVersionDate "1999.07.01"]
[SourceQuality "1"]

1. c4 Nf6 2. Nf3 g6 3. b3 Bg7 4. Bb2 O-O 5. g3 d6 6. Bg2 e5 7. d3 Nc6 8. O-O
Nh5 9. Nc3 f5 10. e3 g5 11. Nd5 f4 12. Nd2 g4 13. Be4 Rf7 14. b4 Qg5 15. b5 Nd8
16. exf4 exf4 17. Bxg7 Qxg7 18. Nb3 Ne6 19. Qd2 Ng5 20. Qc3 Qh6 21. Nd4 Be6 22.
Rae1 Raf8 23. Nxe6 Nxe6 24. Nxf4 Nhxf4 25. gxf4 Nxf4 26. Bxb7 Rf5 27. Re3 Qh4
28. Kh1 Rh5 29. h3 Nxh3 0-1

[Event "URS-ch44 First League"]
[Site "Minsk"]
[Date "1976.??.??"]
[Round "?"]
[White "Beliavsky, Alexander G"]
[Black "Kupreichik, Viktor D"]
[Result "0-1"]
[WhiteElo "2560"]
[BlackElo "2490"]
[PlyCount "80"]
[EventDate "1976.10.??"]
[EventType "tourn"]
[EventRounds "17"]
[EventCountry "URS"]
[SourceTitle "EXT 2001"]
[Source "ChessBase"]
[SourceDate "2000.11.22"]
[SourceVersion "1"]
[SourceVersionDate "2000.11.22"]
[SourceQuality "1"]

1. e4 e5 2. Nf3 Nc6 3. Bb5 a6 4. Ba4 Nf6 5. O-O Nxe4 6. d4 b5 7. Bb3 d5 8. dxe5
Be6 9. c3 Bc5 10. Nbd2 O-O 11. Bc2 Bf5 12. Nb3 Bg4 13. Bf4 Bb6 14. Qd3 f6 15.
Nbd4 Nxe5 16. Nxe5 fxe5 17. Bxe5 Qg5 18. f4 Qh5 19. Bb3 Nf6 20. Rae1 c5 21.
Bxf6 gxf6 22. h3 cxd4 23. Qg3 Kh8 24. Qxg4 dxc3+ 25. Kh2 Qxg4 26. hxg4 cxb2 27.
Bxd5 Rad8 28. Be4 Rfe8 29. Bf5 Be3 30. Kg3 Kg7 31. Kf3 Bc1 32. Rxe8 Rxe8 33.
Rd1 Re3+ 34. Kf2 Ra3 35. Rd7+ Kf8 36. Bb1 Bxf4 37. Rd3 Ra4 38. Ke2 Re4+ 39. Kd1
Rc4 40. Bc2 b1=Q+ 0-1

[Event "URS-ch44 First League"]
[Site "Minsk"]
[Date "1976.??.??"]
[Round "?"]
[White "Kupreichik, Viktor D"]
[Black "Karasev, Vladimir I"]
[Result "1-0"]
[WhiteElo "2490"]
[BlackElo "2495"]
[PlyCount "65"]
[EventDate "1976.10.??"]
[EventType "tourn"]
[EventRounds "17"]
[EventCountry "URS"]
[SourceTitle "EXT 2001"]
[Source "ChessBase"]
[SourceDate "2000.11.22"]
[SourceVersion "1"]
[SourceVersionDate "2000.11.22"]
[SourceQuality "1"]

1. e4 d6 2. d4 Nf6 3. Nc3 g6 4. Be3 c6 5. Qd2 b5 6. Bd3 Nbd7 7. Nf3 e5 8. O-O
Bb7 9. Rad1 a6 10. a4 Bg7 11. axb5 cxb5 12. dxe5 dxe5 13. Nxb5 axb5 14. Bxb5
Ba6 15. Bxa6 Rxa6 16. Nxe5 Qc8 17. Qd4 Nxe5 18. Qxe5+ Re6 19. Qb5+ Nd7 20. Rd5
Qc6 21. Qb4 Re5 22. Rfd1 Rxd5 23. exd5 Qc7 24. Bf4 Qc5 25. Re1+ Kd8 26. Qb7 Bd4
27. Re4 Qa5 28. h4 Bf6 29. b4 Qa1+ 30. Kh2 Ne5 31. Be3 Qc3 32. Bb6+ Ke8 33. Bc5
1-0

[Event "URS-ch44 First League"]
[Site "Minsk"]
[Date "1976.??.??"]
[Round "?"]
[White "Kupreichik, Viktor D"]
[Black "Kuzmin, Gennadi P"]
[Result "1-0"]
[WhiteElo "2490"]
[BlackElo "2565"]
[PlyCount "43"]
[EventDate "1976.10.??"]
[EventType "tourn"]
[EventRounds "17"]
[EventCountry "URS"]
[SourceTitle "EXT 2001"]
[Source "ChessBase"]
[SourceDate "2000.11.22"]
[SourceVersion "1"]
[SourceVersionDate "2000.11.22"]
[SourceQuality "1"]

1. e4 d6 2. d4 Nf6 3. Nc3 g6 4. Be3 c6 5. Qd2 b5 6. Bd3 a6 7. Nf3 Qc7 8. e5 b4
9. exf6 bxc3 10. Qxc3 exf6 11. d5 Bg7 12. dxc6 O-O 13. O-O Nxc6 14. Bd4 Bb7 15.
Bxf6 Bxf6 16. Qxf6 Ne5 17. Nxe5 dxe5 18. b3 Rad8 19. Rad1 Rd4 20. Rfe1 Rfd8 21.
Rxe5 R4d6 22. Re7 1-0

[Event "Hoogovens-B"]
[Site "Wijk aan Zee"]
[Date "1977.01.19"]
[Round "5"]
[White "Kupreichik, Viktor D"]
[Black "Szmetan, Jorge"]
[Result "1-0"]
[WhiteElo "2490"]
[BlackElo "2435"]
[PlyCount "117"]
[EventDate "1977.01.14"]
[EventType "tourn"]
[EventRounds "11"]
[EventCountry "NED"]
[EventCategory "7"]
[SourceTitle "MCL"]
[Source "ChessBase"]
[SourceDate "1999.07.01"]
[SourceVersion "1"]
[SourceVersionDate "1999.07.01"]
[SourceQuality "1"]

1. e4 e5 2. Nf3 Nc6 3. Bb5 a6 4. Ba4 Nf6 5. O-O Nxe4 6. d4 b5 7. Bb3 d5 8. dxe5
Be6 9. Be3 Be7 10. Nbd2 O-O 11. h3 Nc5 12. c3 Bf5 13. Nd4 Nxd4 14. cxd4 Nd3 15.
Qh5 Bg6 16. Qf3 c6 17. Rab1 f6 18. exf6 Rxf6 19. Qd1 Qd7 20. Bc2 Raf8 21. Nb3
Nf4 22. Bxf4 Bxc2 23. Qxc2 Rxf4 24. Rbc1 R8f6 25. Rce1 Bd6 26. Re3 a5 27. g3
Rg6 28. Kg2 a4 29. Nc5 Qf7 30. Ne6 Re4 31. Nd8 Qc7 32. Rxe4 dxe4 33. Nxc6 Bxg3
34. Ne7+ Qxe7 35. Qc8+ Qf8 36. Qxf8+ Kxf8 37. fxg3+ Ke7 38. Rf4 Re6 39. Kf2 Kd6
40. Rg4 g6 41. Ke3 a3 42. bxa3 Re7 43. Rg5 Ra7 44. Rxb5 Rxa3+ 45. Rb3 Rxa2 46.
Kxe4 Re2+ 47. Re3 Rf2 48. h4 Rf1 49. Ra3 Re1+ 50. Kf4 Rf1+ 51. Kg5 Rf7 52. Ra5
Rf3 53. g4 Rf7 54. Kh6 Ke6 55. Re5+ Kd6 56. g5 Kd7 57. Re2 Kd8 58. Ra2 Rf4 59.
Kxh7 1-0

[Event "Hoogovens-B"]
[Site "Wijk aan Zee"]
[Date "1977.01.22"]
[Round "7"]
[White "Kupreichik, Viktor D"]
[Black "Hartoch, Robert G"]
[Result "1-0"]
[WhiteElo "2490"]
[BlackElo "2405"]
[PlyCount "75"]
[EventDate "1977.01.14"]
[EventType "tourn"]
[EventRounds "11"]
[EventCountry "NED"]
[EventCategory "7"]
[SourceTitle "MCL"]
[Source "ChessBase"]
[SourceDate "1999.07.01"]
[SourceVersion "1"]
[SourceVersionDate "1999.07.01"]
[SourceQuality "1"]

1. e4 d6 2. d4 Nf6 3. Nc3 g6 4. Be3 c6 5. Qd2 b5 6. Bd3 Ng4 7. Bg5 h6 8. Bh4
Bg7 9. h3 Nf6 10. f4 b4 11. Nce2 Qb6 12. Nf3 Ba6 13. O-O Bxd3 14. Qxd3 Qa6 15.
Qe3 Nbd7 16. a3 bxa3 17. Rxa3 Qb7 18. Rb3 Nb6 19. e5 Nfd5 20. Qd3 Qd7 21. c4
Nc7 22. exd6 exd6 23. f5 g5 24. Be1 f6 25. Ba5 Rb8 26. c5 dxc5 27. dxc5 Qxd3
28. Rxd3 Nbd5 29. Ned4 Bf8 30. Bxc7 Nxc7 31. Re1+ Kd7 32. Ne6+ Nd5 33. Ra1 Rb7
34. Ra6 Be7 35. Rxd5+ cxd5 36. c6+ Kc8 37. cxb7+ Kxb7 38. Ra5 1-0

[Event "BLR-ch43"]
[Site "Minsk"]
[Date "1978.??.??"]
[Round "4"]
[White "Malisov, Boris"]
[Black "Kupreichik, Viktor D"]
[Result "0-1"]
[WhiteElo "2320"]
[BlackElo "2490"]
[PlyCount "70"]
[EventDate "1978.??.??"]
[EventType "tourn"]
[EventRounds "15"]
[EventCountry "URS"]
[EventCategory "3"]
[SourceTitle "EXT 2003"]
[Source "ChessBase"]
[SourceDate "2002.11.25"]
[SourceVersion "1"]
[SourceVersionDate "2002.11.25"]
[SourceQuality "1"]

1. d4 Nf6 2. c4 e6 3. Nc3 Bb4 4. Qc2 O-O 5. Bg5 h6 6. Bh4 c5 7. dxc5 Na6 8. a3
Qa5 9. Bxf6 gxf6 10. Rc1 Bxc3+ 11. Qxc3 Qxc3+ 12. Rxc3 Nxc5 13. Nf3 b6 14. e3
Ba6 15. Be2 Rac8 16. Nd4 Rc7 17. f3 Rfc8 18. Kf2 Na4 19. Rc2 b5 20. cxb5 Rxc2
21. Nxc2 Rxc2 22. bxa6 Nxb2 23. f4 e5 24. fxe5 fxe5 25. e4 f5 26. exf5 d5 27.
g4 d4 28. Kf3 Rc3+ 29. Ke4 Re3+ 30. Kd5 Rxe2 31. Rc1 d3 32. Rc8+ Kf7 33. h4 d2
34. Rc7+ Kf6 35. Rc6+ Ke7 0-1

[Event "BLR-ch43"]
[Site "Minsk"]
[Date "1978.??.??"]
[Round "6"]
[White "Kapengut, Albert Z"]
[Black "Kupreichik, Viktor D"]
[Result "0-1"]
[WhiteElo "2465"]
[BlackElo "2490"]
[PlyCount "163"]
[EventDate "1978.??.??"]
[EventType "tourn"]
[EventRounds "15"]
[EventCountry "URS"]
[EventCategory "3"]
[SourceTitle "EXT 2003"]
[Source "ChessBase"]
[SourceDate "2002.11.25"]
[SourceVersion "1"]
[SourceVersionDate "2002.11.25"]
[SourceQuality "1"]

1. e4 c5 2. Nf3 Nc6 3. Bb5 Qb6 4. Nc3 e6 5. O-O a6 6. Bxc6 Qxc6 7. d4 cxd4 8.
Qxd4 b5 9. Re1 Bb7 10. Bf4 Nf6 11. Rad1 Bc5 12. Qd3 O-O 13. e5 Ng4 14. Bg3 f5
15. h3 Rf7 16. Ne2 g5 17. Ned4 Bxd4 18. Qxd4 Nh6 19. Re3 f4 20. Rc3 Nf5 21. Qd2
Qe4 22. Re1 Qd5 23. Rd3 Qc6 24. Rc3 Qd5 25. Rd3 Qc6 26. Rc3 Qb6 27. Bh2 Rg7 28.
Rd3 Rd8 29. Nd4 Nh4 30. f3 h5 31. Kf1 Bd5 32. b3 Qc7 33. Re2 Rf8 34. Qe1 Qd8
35. Rf2 g4 36. fxg4 hxg4 37. hxg4 Rxg4 38. Nf3 Nf5 39. Qd2 Ng3+ 40. Bxg3 fxg3
41. Rxd5 Rf7 42. Rd6 gxf2 43. Rxe6 Qc8 44. Rf6 Rxf6 45. exf6 Qc6 46. Qe3 Qe4
47. Qc3 Rg6 48. Qc8+ Kf7 49. Qxa6 Qd5 50. c4 Qd1+ 51. Kxf2 Qc2+ 52. Ke3 Rxf6
53. Qxb5 Qc3+ 54. Kf2 Qd4+ 55. Kg3 Qf4+ 56. Kf2 Qd4+ 57. Kg3 Rg6+ 58. Kh2 Qf4+
59. Kg1 Qxf3 60. Qxd7+ Kf8 61. Qd8+ Kg7 62. Qd4+ Kg8 63. Qd8+ Qf8 64. Qd5+ Qf7
65. Qd8+ Kg7 66. Qd4+ Qf6 67. Qd7+ Kf8 68. Qc8+ Ke7 69. Qc7+ Ke8 70. Qb8+ Qd8
71. Qe5+ Kf7 72. Qf5+ Kg7 73. Qe5+ Kg8 74. c5 Rg5 75. Qe4 Rxc5 76. Qg6+ Kf8 77.
Qh6+ Kf7 78. Qh7+ Kf6 79. Qh6+ Kf5 80. Qh7+ Ke5 81. Qh5+ Kd6 82. Qh6+ 0-1

[Event "BLR-ch43"]
[Site "Minsk"]
[Date "1978.??.??"]
[Round "9"]
[White "Kupreichik, Viktor D"]
[Black "Veremeichik, Vladimir"]
[Result "1-0"]
[WhiteElo "2490"]
[BlackElo "2300"]
[PlyCount "86"]
[EventDate "1978.??.??"]
[EventType "tourn"]
[EventRounds "15"]
[EventCountry "URS"]
[EventCategory "3"]
[SourceTitle "EXT 2003"]
[Source "ChessBase"]
[SourceDate "2002.11.25"]
[SourceVersion "1"]
[SourceVersionDate "2002.11.25"]
[SourceQuality "1"]

1. e4 c5 2. Nf3 Nc6 3. d4 cxd4 4. Nxd4 g6 5. Nc3 Bg7 6. Be3 Nf6 7. Nxc6 bxc6 8.
e5 Ng8 9. Bd4 f6 10. f4 Qa5 11. Qd2 Rb8 12. O-O-O fxe5 13. Bxe5 Bxe5 14. fxe5
Qb4 15. b3 Nh6 16. Kb2 Nf7 17. Re1 O-O 18. h4 d5 19. exd6 exd6 20. h5 g5 21.
Bd3 Qf4 22. Re3 Ne5 23. Be2 Ng4 24. Rf1 Nxe3 25. Rxf4 gxf4 26. Qxd6 Bg4 27. h6
Rbe8 28. Bd3 Rf7 29. Ne4 Re6 30. Qb8+ Rf8 31. Qxa7 Rxh6 32. g3 Nd5 33. gxf4
Nxf4 34. a4 Nxd3+ 35. cxd3 Bf5 36. Nc5 Rh2+ 37. Kc3 h5 38. Qe7 Rh1 39. a5 h4
40. a6 h3 41. a7 Ra1 42. Kb2 h2 43. Qg5+ Kh8 1-0

[Event "BLR-ch43"]
[Site "Minsk"]
[Date "1978.??.??"]
[Round "13"]
[White "Mochalov, Evgeny Veniaminovic"]
[Black "Kupreichik, Viktor D"]
[Result "0-1"]
[WhiteElo "2450"]
[BlackElo "2490"]
[PlyCount "96"]
[EventDate "1978.??.??"]
[EventType "tourn"]
[EventRounds "15"]
[EventCountry "URS"]
[EventCategory "3"]
[SourceTitle "EXT 2003"]
[Source "ChessBase"]
[SourceDate "2002.11.25"]
[SourceVersion "1"]
[SourceVersionDate "2002.11.25"]
[SourceQuality "1"]

1. Nf3 d5 2. d4 Nf6 3. c4 c6 4. Nc3 e6 5. e3 Nbd7 6. b3 Bd6 7. Bd3 Qe7 8. Bb2
dxc4 9. Bxc4 e5 10. O-O e4 11. Ng5 O-O 12. f4 b5 13. Be2 Nb6 14. Qc2 Re8 15. a4
h6 16. Nh3 Nbd5 17. Bc1 Bxh3 18. gxh3 Rac8 19. Bd2 c5 20. Bxb5 cxd4 21. exd4
Nxc3 22. Bxc3 Nd5 23. Bc4 Nxf4 24. Rae1 e3 25. Qf5 g6 26. Qg4 Qe4 27. Qf3 Qc2
28. Bb4 Bb8 29. Kh1 Kg7 30. Bb5 Re4 31. Re2 Qc7 32. Qxe4 Nxe2 33. Qe5+ Qxe5 34.
dxe5 Nd4 35. Bc4 Nf5 36. Bc3 Kh7 37. Rf4 f6 38. Re4 Bxe5 39. Bxe5 Re8 40. Kg2
fxe5 41. Kf3 Kg7 42. Bb5 Re7 43. b4 Kf6 44. Ba6 Re6 45. b5 Rd6 46. Rb4 Nd4+ 47.
Kg2 e2 48. Rb1 Nc2 0-1

[Event "URS-chT Cup 10th"]
[Site "Ordzhonikidze"]
[Date "1978.05.??"]
[Round "1"]
[White "Bagirov, Vladimir"]
[Black "Kupreichik, Viktor D"]
[Result "0-1"]
[WhiteElo "2495"]
[BlackElo "2490"]
[PlyCount "76"]
[EventDate "1978.05.05"]
[EventType "team-tourn"]
[EventRounds "7"]
[EventCountry "URS"]
[SourceTitle "EXT 2017"]
[Source "ChessBase"]
[SourceDate "2016.10.25"]
[SourceVersion "1"]
[SourceVersionDate "2016.10.25"]
[SourceQuality "1"]
[WhiteTeam "Burevestnik"]
[BlackTeam "Dinamo"]
[WhiteTeamCountry "URS"]
[BlackTeamCountry "URS"]

1. d4 Nf6 2. c4 e6 3. Nf3 d5 4. Bg5 h6 5. Bxf6 Qxf6 6. Nc3 dxc4 (6... c6 7. e3
Nd7 8. Bd3 Bd6 9. O-O Qe7 10. Nd2 O-O 11. Qe2 Bc7 12. Rad1 dxc4 13. Nxc4 Rd8
14. Bb1 Nf8 15. f4 Bd7 16. Ne4 Be8 17. Nc5 b6 18. Na6 c5 19. dxc5 Bb5 20. Nxc7
Qxc7 21. a4 Bxa4 {1/2-1/2 (21) Petrosian,T-Tal,M Herceg Novi 1970}) 7. e4 a6 8.
a4 $146 (8. Bxc4 b5 9. Bd3 c5 10. Rc1 c4 11. e5 Qd8 12. Be4 Ra7 13. O-O Bb4 14.
Qe2 Bb7 15. Rfd1 Bxc3 16. Rxc3 Bd5 17. Ne1 O-O 18. Bb1 f5 19. f4 Nc6 20. Qf2
Rd7 21. h3 Qb6 22. g4 Be4 23. Bxe4 fxe4 24. Re3 Nxd4 25. Kg2 Qc6 26. Rd2 g5 {
0-1 (26) Showalter,J-Janowski,D New York 1898}) 8... Bb4 9. Bxc4 c5 10. e5 Qd8
11. d5 exd5 12. Bxd5 O-O 13. O-O Qc7 14. Rc1 Nc6 15. Bxc6 bxc6 16. Re1 Rb8 17.
Re3 c4 18. Ne4 Be6 19. Qc2 Rfd8 20. h3 Qa5 21. Neg5 $2 (21. Rd1 Rxd1+ 22. Qxd1
Rd8 23. Qc2) 21... hxg5 22. Nxg5 Rd3 23. Rxd3 cxd3 24. Qxd3 Qxe5 25. Qh7+ Kf8
26. Qh8+ Ke7 27. Qh4 f6 28. Nxe6 Bd6 29. Kf1 Qxe6 30. Re1 Be5 31. f4 Rb4 32. g3
Kd7 33. Qh7 Qc4+ 34. Re2 Rxb2 35. Qxg7+ Kd8 36. Qg4 Rb1+ 37. Kf2 Bd4+ 38. Kf3
Qd5+ 0-1

[Event "URS-chT Cup 10th"]
[Site "Ordzhonikidze"]
[Date "1978.05.??"]
[Round "4"]
[White "Suetin, Alexey S"]
[Black "Kupreichik, Viktor D"]
[Result "0-1"]
[WhiteElo "2535"]
[BlackElo "2490"]
[PlyCount "90"]
[EventDate "1978.05.05"]
[EventType "team-tourn"]
[EventRounds "7"]
[EventCountry "URS"]
[SourceTitle "EXT 2017"]
[Source "ChessBase"]
[SourceDate "2016.10.25"]
[SourceVersion "1"]
[SourceVersionDate "2016.10.25"]
[SourceQuality "1"]
[WhiteTeam "Trud"]
[BlackTeam "Dinamo"]
[WhiteTeamCountry "URS"]
[BlackTeamCountry "URS"]

1. Nf3 d5 2. c4 d4 3. g3 (3. b4 f6 4. e3 (4. d3 e5 5. a3 c5 6. g3 cxb4 7. Bg2
b3 8. O-O Qb6 9. Bb2 $44) 4... e5 5. c5 d3 6. Bb2 {Bernstein,S-Moskowitz,J New
York 1941 1-0} (6. Nc3) (6. Qa4+ {Kortchnoi})) 3... Nc6 4. Bg2 e5 5. d3 Bb4+ 6.
Bd2 a5 7. O-O Nf6 8. e3 O-O 9. exd4 exd4 10. Na3 Bf5 11. Bf4 h6 12. Nb5 Rc8 13.
Ne5 $6 g5 {[%csl Re5,Rf4]} 14. Bxc6 bxc6 15. Nxc6 Qd7 16. Be5 (16. Nxb4) (16.
Ne5 $13) 16... Qxc6 17. Nxd4 Qd7 18. Bxf6 Bg4 19. f3 (19. Nf3 Qf5 20. Nd4)
19... Bh3 20. Nc2 Qf5 21. Bd4 Bxf1 22. Qxf1 Rfd8 $132 {[%csl Rd3]} 23. Kg2 c5
24. Bf2 Bd2 25. Rd1 Rxd3 26. Qe2 Rcd8 27. Qe4 Qxe4 28. fxe4 Bb4 29. Rxd3 Rxd3
30. a3 Bd2 31. Bxc5 Bc1 32. Kf1 Rd2 33. Nd4 Rxb2 34. Nb5 Rc2 35. Nd6 Rxh2 36.
Ke1 Ra2 37. Nb5 Rc2 38. Nd6 Rc3 39. g4 Bxa3 40. Bxa3 Rxa3 41. Kd2 Kf8 42. c5
Ke7 43. Nf5+ Kd7 44. Nxh6 Rf3 45. Nf5 Rf4 0-1